Score 0/20 Timer 05:00
0 Plays Today
Question Answer Wrong Answers
Highest average person height Netherlands
81.3%
Oman
0%
Turkey
4.2%
Russia
14.6%
Highest prison population per person USA
77.1%
Colombia
12.5%
Iraq
6.3%
Uruguay
0%
Largest wine producer France
70.8%
Argentina
8.3%
Australia
4.2%
Italy
16.7%
Highest beer consumption per person Czech Republic
66.7%
Bulgaria
4.2%
Germany
20.8%
Slovakia
4.2%
Most merchant ships owned Japan
54.2%
Brazil
4.2%
Russia
10.4%
USA
29.2%
Highest percentage of internet users Iceland
54.2%
France
4.2%
Japan
20.8%
UK
16.7%
Largest total forested area Russia
52.1%
Brazil
27.1%
Canada
18.8%
Mongolia
0%
Highest number of World Heritage sites Italy
47.9%
Germany
2.1%
Greece
39.6%
Spain
8.3%
Lowest percentage of immigrants Tuvalu
47.9%
Fiji
10.4%
Solomon Islands
12.5%
Vanuatu
27.1%
Largest wool producer Australia
41.7%
China
8.3%
New Zealand
43.8%
South Africa
2.1%
Most periodic table discoveries (by nationality) UK
41.7%
Canada
2.1%
France
10.4%
USA
41.7%
Highest usage of solar energy per person Israel
37.5%
Costa Rica
16.7%
Denmark
39.6%
Japan
4.2%
Highest carbon dioxide emissions per person Qatar
37.5%
China
50%
India
12.5%
Venezuela
0%
Highest cigarette consumption per person Greece
37.5%
Argentina
10.4%
Colombia
31.3%
Italy
18.8%
Most telephone lines China
37.5%
Canada
2.1%
India
18.8%
USA
37.5%
Most exports per person Liechtenstein
35.4%
France
2.1%
Germany
29.2%
South Korea
29.2%
Highest level of poverty Democratic Republic of Congo
33.3%
Ethiopia
12.5%
Somalia
33.3%
Sudan
18.8%
Largest proven oil reserves Venezuela
31.3%
Iran
8.3%
Russia
16.7%
Saudi Arabia
39.6%
Longest road tunnel Norway
22.9%
France
14.6%
Switzerland
50%
USA
10.4%
Most patents in force South Korea
22.9%
India
4.2%
Japan
10.4%
USA
58.3%
Remove Ads.
Support Sporcle.
Get the best of Sporcle when you Go Orange. This ad-free experience offers more features, more stats, and more fun while also helping to support Sporcle. Thank you for becoming a member.

You're not logged in!

Compare scores with friends on all Sporcle quizzes.
OR
Log In

Sporcle TV

Today on Sporcle TV


Watch our educational content, quiz creation guides, and fun videos on Sporcle TV.

Show Comments

Extras

Created Sep 20, 2017ReportNominate
Tags:Country Quiz

Top Quizzes Today


Score Distribution

Paid Content

Your Account Isn't Verified!

In order to create a playlist on Sporcle, you need to verify the email address you used during registration. Go to your Sporcle Settings to finish the process.

Report this User

Report this user for behavior that violates our Community Guidelines.

Details: